000 00611cam a2200205 a 4500
001 000005134
005 20200929151604.0
008 780106s1917 sp b 000 0 spa
010 _a18020990
040 _aDO-SdBNP
_bspa
_cBNPHU
082 _aM861.6
_bD542l
100 1 _aDiaz Miron, Salvador,
_d1853-1928.
_914699
245 1 0 _aLascas /
_cSalvador Díaz Miron.
260 _aMadrid, :
_bEditorial-América,
_c[1917?].
300 _a182 p. ;
_c20 cm.
490 0 _aBiblioteca Andres Bello. [XXVI]
650 4 _aPoesía mexicana
_99120
650 4 _aPoesía amorosa
_99227
650 4 _aEmociones
_xPoesía
_914700
999 _c4937
_d4937